<?xml version="1.0" encoding="UTF-8"?>
<record
    xmlns:xsi="http://www.w3.org/2001/XMLSchema-instance"
    xsi:schemaLocation="http://www.loc.gov/MARC21/slim http://www.loc.gov/standards/marcxml/schema/MARC21slim.xsd"
    xmlns="http://www.loc.gov/MARC21/slim">

  <leader>00628nam a2200169   4500</leader>
  <controlfield tag="001">168547</controlfield>
  <controlfield tag="003">ES-MaACL</controlfield>
  <controlfield tag="005">20230906213822.0</controlfield>
  <controlfield tag="008">080421q1910    gw af        |||| | ger d</controlfield>
  <datafield tag="100" ind1="1" ind2=" ">
    <subfield code="a">Fischbach, Friedrich (</subfield>
    <subfield code="d">1839-1908)</subfield>
    <subfield code="9">50971</subfield>
  </datafield>
  <datafield tag="245" ind1="1" ind2="0">
    <subfield code="a">G&#xF6;gginger neue H&#xE4;kelund Kn&#xFC;pfmuster : </subfield>
    <subfield code="b">: 70 tafeln mit text und technische Anleitungen / </subfield>
    <subfield code="c">herausgegeben von Friedrich Fischbach.</subfield>
  </datafield>
  <datafield tag="260" ind1=" " ind2=" ">
    <subfield code="a">Wiesbaden : </subfield>
    <subfield code="b">H. Heuss :, </subfield>
    <subfield code="c">[ca. 1910]</subfield>
  </datafield>
  <datafield tag="300" ind1=" " ind2=" ">
    <subfield code="a">1 carpeta : </subfield>
    <subfield code="b">46 p., 24 h. de l&#xE1;m. col. ; </subfield>
    <subfield code="c">24 cm.</subfield>
  </datafield>
  <datafield tag="650" ind1=" " ind2="4">
    <subfield code="a">Estampado textil.</subfield>
    <subfield code="9">146964</subfield>
  </datafield>
  <datafield tag="650" ind1=" " ind2="4">
    <subfield code="a">Tejidos-</subfield>
    <subfield code="x">Historia.</subfield>
    <subfield code="9">146965</subfield>
  </datafield>
  <datafield tag="852" ind1="4" ind2=" ">
    <subfield code="a">ES-MaACL</subfield>
    <subfield code="j">G-385</subfield>
  </datafield>
  <datafield tag="999" ind1=" " ind2=" ">
    <subfield code="c">168547</subfield>
    <subfield code="d">168547</subfield>
  </datafield>
  <datafield tag="952" ind1=" " ind2=" ">
    <subfield code="0">0</subfield>
    <subfield code="1">0</subfield>
    <subfield code="4">0</subfield>
    <subfield code="7">0</subfield>
    <subfield code="a">ATENEOM</subfield>
    <subfield code="b">ATENEOM</subfield>
    <subfield code="c">DEPO2</subfield>
    <subfield code="d">2008-04-21</subfield>
    <subfield code="l">0</subfield>
    <subfield code="o">G-385</subfield>
    <subfield code="p">1176872</subfield>
    <subfield code="r">2023-02-23 00:00:00</subfield>
    <subfield code="w">2023-02-23</subfield>
    <subfield code="y">MONOGRAFIA</subfield>
  </datafield>
</record>
